| 000 | 00517nam a2200181Ia 4500 | ||
|---|---|---|---|
| 005 | 20250326124121.0 | ||
| 008 | 250326s9999 xx 000 0 und d | ||
| 037 | _aTextbook | ||
| 040 |
_aFMSL _beng _cFMSL |
||
| 041 |
_aeng _2eng |
||
| 084 |
_aX:28 L8;1 _qFMSL |
||
| 100 |
_aMoore B E _9126429 |
||
| 245 | 0 |
_aScanlon way to improved productivity: practical guide _cMoore B E; Ross T L |
|
| 260 |
_aNY _bNY, Jphn Wiley _c1978 |
||
| 300 | _a228p | ||
| 942 |
_cTB _hX:28 L8;1 |
||
| 999 |
_c1272363 _d1272363 |
||